000 00731nam a2200253Ia 4500
003 OSt
005 20221006143153.0
006 a|||||r|||| 00| 0
007 ta
008 221006b |||||||| |||| 00| 0 eng d
020 _c144.08
024 _a8,230
037 _cTextual
040 _aEASL
_cEASL
_beng
041 _2eng
_aeng
082 _aX:5.42.N7, L8
100 _aTSURUMI Yoshi
245 0 _aJapanese business
_b A research guide with annotated bibliography
260 _aNew York
_bPraeger Publishers
_c1978
300 _a160p.
_ccm.
490 _v JEL
_aPraeger Pacific-Basin Series in Business and Economics
942 _hX:5.42.N7, L8
_cTEXL
_2CC
999 _c1076316
_d1076316